| 000 | | | 04988cmc2a2200000#x 450 |
| 001 | | | f892f91df2884bb2b3a39491b288859a |
| 005 | | | 20230331142528.0 |
| 100 | ## | $a | 20130923l19081908k y0rusy0189 ca |
| 101 | 0# | $a | rus |
| 102 | ## | $a | RU |
| 251 | ## | $c | Дело |
| 225 | 0# | $a | Фонд Совет министров (1905-1917) |
| | $h | Опись № 4 |
| | $i | 1908 г. |
| 300 | ## | $a | Машинописный и печатный текст |
| 300 | ## | $a | Оригинальный заголовок дела: Об отпуске средств для выдачи 75-рублевых пособий семействам казаков, состоящих на службе в мобилизованных частях внутри Империи |
| 324 | ## | $a | Пленка |
| 801 | #0 | $a | RU |
| | $b | РГИА |
| | $c | 20130923 |
| 801 | #1 | $a | RU |
| | $b | ГлавНИВЦ |
| | $c | 20130923 |
| | $2 | rusmarc |
| 801 | #2 | $a | RU |
| | $b | ПБ им. Б.Н. Ельцина |
| | $c | 20130923 |
| | $g | RCR |
| | $2 | rusmarc |
| 850 | ## | $a | Федеральное казенное учреждение "Российский государственный исторический архив" |
| 852 | ## | $a | РГИА |
| | $j | 554 |
| 937 | ## | $a | ASBIBLIO_SCAN |
| | $b | РГИА_1276:_4:_554: |
| | $d | 1418679 |
| | $h | РГИА |
| 200 | 1# | $a | О выдаче пособий семьям казаков, состоящих на службе в мобилизованных частях армии внутри России |
| | $j | 5-24 марта 1908 года |
| 215 | ## | $a | 11 листов |
| 035 | ## | $a | f892f91df2884bb2b3a39491b288859a |
| 122 | 2# | $a | d19080305## |
| | $a | d19080324## |
| 517 | 1# | $a | Об отпуске средств для выдачи 75-рублевых пособий семействам казаков, состоящих на службе в мобилизованных частях внутри Империи |
| 461 | #0 | $1 | 001c7912e80-a322-4844-9992-beca65726c82 |
| | $1 | 2001 |
| | $a | Совет министров (1905-1917) |
| | $1 | 251 |
| | $c | Фонд |
| | $1 | 852 |
| | $j | 1276 |
| 462 | #0 | $1 | 00128effbc8-45a8-4844-a30d-fda4587ad6d6 |
| | $1 | 2001 |
| | $a | 1908 г. |
| | $v | Д. 554 |
| | $1 | 251 |
| | $c | Опись |
| | $1 | 852 |
| | $j | 4 |
| 606 | 1# | $2 | prlib_sh |
| | $3 | LIBNET\UAF\0000106794 |
| | $a | Казачество |
| | $j | Архивные дела |
| | $x | Социальная помощь |
| | $y | Россия |
| | $z | 19 - нач. 20 в. |
| 605 | ## | $2 | acquisition_Prlib |
| | $3 | LIBNET\UAF\0000106762 |
| | $a | Семья и традиционные семейные ценности в России как основа российской государственности |
| | $l | коллекция |
| 605 | ## | $2 | acquisition_Prlib |
| | $3 | DITM\AF\0000003834 |
| | $a | Народ |
| | $l | коллекция |
| 686 | ## | $2 | rubbk |
| | $a | 63.3(2)53-283.31ю1 |
| | $v | LBC/M |